000 00226nam a2200085Ia 4500
008 170620s9999 xx 000 0 und d
100 _aDubai- Satya Narayan`Sartandu`
245 0 _aGeena ka do Dhang
260 _bNew Delhi- Hind Pocket Books
260 _c2010
999 _c25621
_d25621